Samospráva a priama demokracia - teoretické východiská
Analýza jednotlivých foriem priamej demokracie v územnej samospráve. Skúmanie ich vzájomného prepojenia v teoretickej rovine, keďže vhodne zvolené formy priamej demokracie môžu pozitívne ovplyvniť realizáciu a vývoj samosprávy. Efektívne využitie prvkov priamej demokracie v konkrétnom uplatňovaní sa...
Saved in:
| Main Author: | |
|---|---|
| Format: | Book Chapter |
| Language: | Slovak |
| Subjects: | |
| Tags: |
No Tags, Be the first to tag this record!
|
MARC
| LEADER | 00000nla a2200000 4500 | ||
|---|---|---|---|
| 001 | 0236816 | ||
| 005 | 20240417075127.6 | ||
| 041 | 0 | |a slo | |
| 044 | |a SK | ||
| 245 | 1 | 0 | |a Samospráva a priama demokracia - teoretické východiská |c Alena Krunková |
| 520 | |a Analýza jednotlivých foriem priamej demokracie v územnej samospráve. Skúmanie ich vzájomného prepojenia v teoretickej rovine, keďže vhodne zvolené formy priamej demokracie môžu pozitívne ovplyvniť realizáciu a vývoj samosprávy. Efektívne využitie prvkov priamej demokracie v konkrétnom uplatňovaní samosprávy prostredníctvom vymedzenia funkcií a na príklade konkrétnych krajín Európskej únie. | ||
| 610 | 2 | 0 | |a samospráva |
| 610 | 2 | 0 | |a demokracia |
| 610 | 2 | 0 | |a Európska únia |
| 610 | 2 | 0 | |a moc verejná |
| 100 | 1 | |a Krunková, Alena | |